Piłkarska kariera Nemanja Vidica. - Statystyki

Ogólne statystyki
  • Ten quiz został rozwiązany 58 razy
  • Średni wynik to 2 z 5
Statystyki odpowiedzi
Lata Drużyna % Poprawnych
2006-2014 Manchester United
100%
2014-2016 Inter
70%
1999-2004 Crvena Zvezda
36%
2004-2006 Spartak Moskwa
12%
2000-2001 Spartak Subotica
8%
Nie znaleziono quizów pasujących do podanych kryteriów
Rozkład punktacji
Procent ludzi z każdym wynikiem
Percentyl według liczby udzielonych odpowiedzi
Twoja historia wyników
Nie rozwiązałeś tego quizu